| 000 | 00474pab a2200181 454500 | ||
|---|---|---|---|
| 008 | 180718b2017 xxu||||| |||| 00| 0 eng d | ||
| 100 | _aCygan, Adam | ||
| 245 | _aLegal implications of economic governance for national parliaments | ||
| 260 | _c2017 | ||
| 300 | _ap.710-727. | ||
| 362 | _aOct | ||
| 650 | _aEconomic governance | ||
| 650 | _aLegitimacy | ||
| 650 | _aAccountability | ||
| 650 | _aEuropean union | ||
| 773 | _aParliamentary Affairs | ||
| 909 | _a116663 | ||
| 999 |
_c116657 _d116657 |
||